Govt. of
Madhya Pradesh

The Essence Of Kalam's Educational Philosophy (Record no. 66013)

MARC details
000 -LEADER
fixed length control field 00311nam a22001217a 4500
082 ## - DEWEY DECIMAL CLASSIFICATION NUMBER
Classification number 920/RUP
100 ## - MAIN ENTRY--AUTHOR NAME
Personal name Rupainwar, Dr. Anshu
245 ## - TITLE STATEMENT
Title The Essence Of Kalam's Educational Philosophy
260 ## - PUBLICATION, DISTRIBUTION, ETC. (IMPRINT)
Place of publication New Delhi
Name of publisher Aravali Books International
Year of publication 2020
300 ## - PHYSICAL DESCRIPTION
Number of Pages 180
650 ## - SUBJECT ADDED ENTRY--TOPICAL TERM
Topical Term Biography
942 ## - ADDED ENTRY ELEMENTS (KOHA)
Koha item type Books
Holdings
Withdrawn status Lost status Damaged status Not for loan Home library Current library Date acquired Cost, normal purchase price Full call number Accession Number Price effective from Koha item type
        MACL MACL 16/03/2023 350.00 920/RUP CRE020276 16/03/2023 Books